[Event "Gardabaer Skakthing op"]
[Site "Gardabaer"]
[Date "2016.11.14"]
[Round "5"]
[White "Magnusson, Jon"]
[Black "Baldvinsson, Loftur"]
[Result "0-1"]
[WhiteElo "1884"]
[BlackElo "1961"]
[PlyCount "124"]
[EventDate "2016.10.17"]
[EventType "swiss"]
[EventRounds "7"]
[EventCountry "ISL"]
[SourceTitle "EXT 2018"]
[Source "ChessBase"]
[SourceDate "2017.10.13"]
[SourceVersion "1"]
[SourceVersionDate "2017.10.13"]
[SourceQuality "1"]

1. e4 e5 2. Nf3 Nc6 3. Bb5 g6 4. 0-0 Bg7 5. c3 Nge7 6. d4 exd4 7. cxd4 0-0 8. Bg5 h6 9. Bh4 d6 10. Bxc6 bxc6 11. Nbd2 Rb8 12. Qa4 g5 13. Bg3 f5 14. exf5 Bxf5 15. Nb3 Qd7 16. Rfe1 Nd5 17. Rac1 Nb4 18. Re3 Qf7 19. Rec3 Nd5 20. Rxc6 Bd7 21. Qc4 Bxc6 22. Qxc6 Rb6 23. Qc4 Rb4 24. Qa6 Rfb8 25. Nfd2 R4b7 26. h3 Nb4 27. Qa4 Qd5 28. Rd1 Nd3 29. Qa3 Nf4 30. Bxf4 gxf4 31. Nf3 c5 32. Rd2 c4 33. Nc1 Bf8 34. Ne2 Qf5 35. Nc3 Rg7 36. Kh2 Qg6 37. Ne1 f3 38. g3 Qf5 39. Qa6 d5 40. Qc6 Rd8 41. Nc2 Qg5 42. Ne3 Bb4 43. Rd1 Bxc3 44. bxc3 h5 45. h4 Qg6 46. Qb5 Qf7 47. Rb1 Rg6 48. Qc5 Ra6 49. Rb2 Rad6 50. a4 R6d7 51. Qc6 Re7 52. Rb1 Qe6 53. Qb5 Qe4 54. a5 a6 55. Qb6 Rde8 56. Rb2 Re6 57. Qc5 Rd8 58. Nxc4 Qd3 59. Ne5 Rxe5 60. Qc7 Ree8 61. Rb7 Qg6 62. Qf4 Rf8 0-1

[Event "ISL-chT2 1617"]
[Site "Reykjavik"]
[Date "2016.10.02"]
[Round "4.4"]
[White "Magnusson, Jon"]
[Black "Helgason, Jon Thor"]
[Result "1-0"]
[WhiteElo "1884"]
[BlackElo "1694"]
[PlyCount "145"]
[EventDate "2016.09.30"]
[EventType "team-tourn"]
[EventRounds "7"]
[EventCountry "ISL"]
[SourceTitle "EXT 2018"]
[Source "ChessBase"]
[SourceDate "2017.10.13"]
[SourceVersion "1"]
[SourceVersionDate "2017.10.13"]
[SourceQuality "1"]
[WhiteTeam "Gardabaer"]
[BlackTeam "Hauka"]
[WhiteTeamCountry "ISL"]
[BlackTeamCountry "ISL"]

1. e4 e5 2. Nf3 Nc6 3. Bb5 a6 4. Ba4 b5 5. Bb3 Nf6 6. 0-0 Be7 7. Re1 d6 8. c3 Na5 9. Bc2 0-0 10. h3 c5 11. d4 Qc7 12. Nbd2 Be6 13. d5 Bd7 14. Nf1 h6 15. Ng3 Kh7 16. Nh4 g6 17. Nf3 Rh8 18. b3 c4 19. Qd2 Ng8 20. Ba3 Nb7 21. b4 a5 22. bxa5 Rxa5 23. Bb4 Ra8 24. a3 Nc5 25. Rad1 Bf6 26. Qe2 Ne7 27. Nh2 Bh4 28. Qf3 Kg7 29. Ng4 Bxg4 30. Qxg4 Bxg3 31. Qxg3 Na6 32. f4 f6 33. Rf1 Nxb4 34. axb4 Ra2 35. Rf2 Rd8 36. Rdf1 Ng8 37. h4 Qd7 38. Kh2 Rda8 39. Bd1 Rxf2 40. Rxf2 Ra1 41. Bg4 Qe8 42. Be6 Ra6 43. Qg4 h5 44. Qh3 Ra7 45. g4 hxg4 46. Qxg4 Nh6 47. Qg3 Nf7 48. Rg2 Nh8 49. h5 exf4 50. Qxf4 g5 51. Qxd6 Qxh5+ 52. Bh3 Qf3 53. Qg3 Qxe4 54. Rd2 Nf7 55. Bg2 Qh4+ 56. Qh3 Qxh3+ 57. Kxh3 Rd7 58. Kg4 Ne5+ 59. Kf5 Rd6 60. Ra2 Nf7 61. Ra7 Kf8 62. Rb7 Nh6+ 63. Kg6 Ng4 64. Rxb5 Ne3 65. Bh1 g4 66. Rb8+ Ke7 67. Rb7+ Ke8 68. Ra7 g3 69. Ra2 Ke7 70. Re2 f5+ 71. Kg5 f4 72. Kxf4 Rf6+ 73. Kxe3 1-0